[Event "HUN-chT2 Erkel 1819"]
[Site "Hungary"]
[Date "2018.10.28"]
[Round "1.11"]
[White "Bertok, Bela"]
[Black "Karpati, Bank"]
[Result "1/2-1/2"]
[WhiteElo "1905"]
[BlackElo "1824"]
[PlyCount "60"]
[EventDate "2018.10.28"]
[EventType "team-tourn"]
[EventRounds "9"]
[EventCountry "HUN"]
[SourceTitle "EXT 2021"]
[Source "ChessBase"]
[SourceDate "2020.10.23"]
[SourceVersion "1"]
[SourceVersionDate "2020.10.23"]
[SourceQuality "1"]
[WhiteTeam "Pestszentlorinc"]
[BlackTeam "Fot"]
[WhiteTeamCountry "HUN"]
[BlackTeamCountry "HUN"]

1. Nf3 d5 2. d4 Nf6 3. e3 Bg4 4. Be2 e6 5. 0-0 Bd6 6. Nbd2 0-0 7. c4 c5 8. dxc5 Bxc5 9. b3 Nc6 10. Bb2 dxc4 11. Bxc4 Qe7 12. a3 Rfd8 13. Qc1 Bb6 14. Ne5 Nxe5 15. Bxe5 Rac8 16. Qb2 Ba5 17. Bxf6 Qxf6 18. Qxf6 gxf6 19. Ne4 Kg7 20. h3 Bf5 21. Ng3 Bd3 22. Bxd3 Rxd3 23. b4 Bb6 24. Nh5+ Kh6 25. Nxf6 Rcc3 26. Ng4+ Kg7 27. Ne5 Rd5 28. Nf3 Rdd3 29. Ne5 Rd5 30. Nf3 Rdd3 1/2-1/2

[Event "HUN-chT2 Erkel 1415"]
[Site "Hungary"]
[Date "2014.11.16"]
[Round "2.10"]
[White "Karpati, Bank"]
[Black "Laza, Szabolcs"]
[Result "0-1"]
[WhiteElo "1895"]
[BlackElo "2014"]
[PlyCount "114"]
[EventDate "2014.09.28"]
[EventType "team-tourn"]
[EventRounds "9"]
[EventCountry "HUN"]
[SourceTitle "EXT 2016"]
[Source "ChessBase"]
[SourceDate "2015.10.08"]
[SourceVersion "1"]
[SourceVersionDate "2015.10.08"]
[SourceQuality "1"]
[WhiteTeam "Fot"]
[BlackTeam "Budapest MTK"]
[WhiteTeamCountry "HUN"]
[BlackTeamCountry "HUN"]

1. d4 d5 2. Nf3 Nf6 3. c4 c6 4. Nc3 e6 5. e3 Nbd7 6. Be2 dxc4 7. Bxc4 b5 8. Bd3 Bd6 9. 0-0 Bb7 10. Ne4 Nxe4 11. Bxe4 Qc7 12. h3 a6 13. Ng5 h6 14. Nf3 0-0 15. Bd2 Nf6 16. Bd3 c5 17. Rc1 Qb6 18. dxc5 Bxc5 19. b4 Be7 20. Bc3 Bd5 21. a3 Rfd8 22. Bd4 Qb7 23. Qe2 Rac8 24. Rfd1 Ne4 25. Qb2 Nf6 26. Be2 Be4 27. Rxc8 Rxc8 28. Rc1 Bd5 29. Rc2 Rxc2 30. Qxc2 Ne4 31. Qb2 f6 32. Qc1 e5 33. Bb2 Nd6 34. Ne1 Nc4 35. f3 Nxb2 36. Qxb2 Qc6 37. Qc2 Kf7 38. Kf2 Qxc2 39. Nxc2 f5 40. Ke1 Ke6 41. Kd2 Bf6 42. Ne1 e4 43. fxe4 Bxe4 44. Bf3 Bb2 45. Nd3 Bxa3 46. Nc5+ Kd5 47. Kc3 a5 48. Nxe4 fxe4 49. Bh5 Bxb4+ 50. Kc2 Bd6 51. Kb3 Kc5 52. Bg6 a4+ 53. Kc2 Kb4 54. Bxe4 Ka3 55. Bd5 b4 56. Kc1 b3 57. Kb1 Kb4 0-1

[Event "HUN-chT2 Erkel 1314"]
[Site "Hungary"]
[Date "2014.04.27"]
[Round "11.10"]
[White "Csaszar, Gyula"]
[Black "Karpati, Bank"]
[Result "1/2-1/2"]
[WhiteElo "2075"]
[BlackElo "1828"]
[PlyCount "103"]
[EventDate "2013.09.08"]
[EventType "team-tourn"]
[EventRounds "11"]
[EventCountry "HUN"]
[SourceTitle "EXT 2016"]
[Source "ChessBase"]
[SourceDate "2015.10.08"]
[SourceVersion "1"]
[SourceVersionDate "2015.10.08"]
[SourceQuality "1"]
[WhiteTeam "Budapest EAC II"]
[BlackTeam "Fot"]
[WhiteTeamCountry "HUN"]
[BlackTeamCountry "HUN"]

1. e4 e6 2. d4 d5 3. Nd2 dxe4 4. Nxe4 Nd7 5. Bd3 Ngf6 6. Ne2 Be7 7. 0-0 0-0 8. c4 b6 9. Qc2 Bb7 10. h3 c5 11. Be3 Nxe4 12. Bxe4 Bxe4 13. Qxe4 Qc7 14. d5 Nf6 15. Qf3 exd5 16. cxd5 Rad8 17. Rfd1 Qe5 18. Nc3 Bd6 19. g3 Rfe8 20. Kg2 Ne4 21. Rac1 Nxc3 22. Rxc3 Qe4 23. Qxe4 Rxe4 24. Kf3 Re7 25. Rd2 Kf8 26. Rc4 Rde8 27. g4 f6 28. h4 h6 29. g5 fxg5 30. hxg5 hxg5 31. Bxg5 Rf7+ 32. Kg4 b5 33. Rc3 Re4+ 34. Kh3 c4 35. Re3 Rxe3+ 36. Bxe3 Ke8 37. Kg4 a6 38. f4 Kd7 39. Rf2 Bc7 40. Kg5 Kd6 41. Rd2 a5 42. f5 Bd8+ 43. Kg4 Bf6 44. Bf4+ Be5 45. Be3 Bf6 46. Bb6 Re7 47. Bxa5 Re4+ 48. Kf3 Rd4 49. Rxd4 Bxd4 50. Ke4 Bxb2 51. Bb4+ Kd7 52. Ke3 1/2-1/2

[Event "HUN-chT2 Erkel 1314"]
[Site "Hungary"]
[Date "2013.11.17"]
[Round "5.11"]
[White "Karpati, Bank"]
[Black "Szego, Krisztian"]
[Result "1-0"]
[WhiteElo "1828"]
[BlackElo "1793"]
[PlyCount "63"]
[EventDate "2013.09.08"]
[EventType "team-tourn"]
[EventRounds "11"]
[EventCountry "HUN"]
[SourceTitle "EXT 2016"]
[Source "ChessBase"]
[SourceDate "2015.10.08"]
[SourceVersion "1"]
[SourceVersionDate "2015.10.08"]
[SourceQuality "1"]
[WhiteTeam "Fot"]
[BlackTeam "Andornaktalya"]
[WhiteTeamCountry "HUN"]
[BlackTeamCountry "HUN"]

1. d4 Nf6 2. Nf3 e6 3. c4 Nc6 4. Nc3 Bb4 5. Bg5 d6 6. e3 0-0 7. Bd3 a5 8. a3 Bxc3+ 9. bxc3 Re8 10. Qc2 h6 11. Bh4 e5 12. Rd1 Qe7 13. Bxf6 Qxf6 14. Rb1 Qe7 15. Be4 Qd7 16. 0-0 f5 17. Bd5+ Kh8 18. dxe5 dxe5 19. Rfd1 a4 20. Nh4 Ra6 21. Ng6+ Kh7 22. Bg8+ Kxg8 23. Rxd7 Bxd7 24. Rxb7 Be6 25. Rxc7 Bxc4 26. Qxf5 Be6 27. Qe4 Nd8 28. Nxe5 Rd6 29. h3 Bb3 30. f4 Ne6 31. Ra7 Nf8 32. Qb7 1-0

[Event "HUN-chT2 Erkel 1314"]
[Site "Hungary"]
[Date "2013.10.20"]
[Round "3.9"]
[White "Karpati, Bank"]
[Black "Hegedus, Rafael"]
[Result "1/2-1/2"]
[WhiteElo "1828"]
[BlackElo "2052"]
[PlyCount "103"]
[EventDate "2013.09.08"]
[EventType "team-tourn"]
[EventRounds "11"]
[EventCountry "HUN"]
[SourceTitle "EXT 2016"]
[Source "ChessBase"]
[SourceDate "2015.10.08"]
[SourceVersion "1"]
[SourceVersionDate "2015.10.08"]
[SourceQuality "1"]
[WhiteTeam "Fot"]
[BlackTeam "Mezokovesd"]
[WhiteTeamCountry "HUN"]
[BlackTeamCountry "HUN"]

1. d4 f5 2. Nf3 Nf6 3. c4 g6 4. Nc3 Bg7 5. e3 0-0 6. Be2 d6 7. 0-0 c6 8. b3 h6 9. Bb2 Nbd7 10. Qc2 e5 11. dxe5 dxe5 12. e4 f4 13. Rad1 Qc7 14. Ba3 Re8 15. Rd2 Bf8 16. Bxf8 Nxf8 17. Rfd1 Ne6 18. Na4 c5 19. Nc3 Nd4 20. Qb1 Qa5 21. Nd5 Nxd5 22. exd5 Bf5 23. Qb2 Qb6 24. Re1 Re7 25. Bd3 Nxf3+ 26. gxf3 Rae8 27. Bxf5 gxf5 28. d6 Rg7+ 29. Kh1 Qc6 30. Rd5 Re6 31. Rexe5 Rxd6 32. Qd2 Rdg6 33. Re1 Rg2 34. Qxf4 Qg6 35. Rdd1 Rxf2 36. Qg3 Qxg3 37. hxg3 Rxg3 38. Re7 Rg7 39. Rdd7 Rxe7 40. Rxe7 Rxa2 41. Rxb7 Rb2 42. Rxa7 Rxb3 43. Rc7 Rxf3 44. Rxc5 Kf7 45. Kg2 Rf4 46. Rc6 Rg4+ 47. Kf3 Rg6 48. Rxg6 Kxg6 49. c5 Kf6 50. c6 Ke6 51. c7 Kd7 52. Kf4 1/2-1/2

[Event "HUN-chT2 Erkel 1314"]
[Site "Hungary"]
[Date "2013.09.08"]
[Round "1.11"]
[White "Kormos, Jozsef"]
[Black "Karpati, Bank"]
[Result "1/2-1/2"]
[WhiteElo "1878"]
[BlackElo "1828"]
[PlyCount "100"]
[EventDate "2013.09.08"]
[EventType "team-tourn"]
[EventRounds "11"]
[EventCountry "HUN"]
[SourceTitle "EXT 2016"]
[Source "ChessBase"]
[SourceDate "2015.10.08"]
[SourceVersion "1"]
[SourceVersionDate "2015.10.08"]
[SourceQuality "1"]
[WhiteTeam "Paszto"]
[BlackTeam "Fot"]
[WhiteTeamCountry "HUN"]
[BlackTeamCountry "HUN"]

1. e4 e6 2. d4 d5 3. Nd2 dxe4 4. Nxe4 Nd7 5. Nf3 Ngf6 6. Bg5 Be7 7. Nxf6+ Bxf6 8. Qd2 0-0 9. h4 c5 10. 0-0-0 Qb6 11. Bxf6 Nxf6 12. dxc5 Qxc5 13. Bd3 b6 14. Nh2 Bb7 15. f3 Bd5 16. Kb1 Rad8 17. Qe2 Nh5 18. Qd2 Bc4 19. Qc3 Bxd3 20. Qxc5 bxc5 21. Rxd3 Rxd3 22. cxd3 Nf4 23. g3 Nxd3 24. Rd1 Rd8 25. Ng4 Rd4 26. a3 f5 27. Ne3 Ne5 28. f4 Nf3 29. Kc2 Kf7 30. Rxd4 Nxd4+ 31. Kd3 Ke7 32. Nc4 Nc6 33. Nd2 e5 34. Kc4 Kd6 35. Nb3 Nd4 36. Nxc5 Ne2 37. fxe5+ Kxe5 38. a4 Nxg3 39. a5 Ne4 40. Nd3+ Kd6 41. b4 g5 42. hxg5 Nxg5 43. Nf4 Ne6 44. Nd3 h5 45. b5 h4 46. Nf2 Ng5 47. b6 axb6 48. axb6 Kc6 49. b7 Kxb7 50. Kd5 h3 1/2-1/2

[Event "HUN-chT2 Maroczy 1213"]
[Site "Hungary"]
[Date "2012.12.02"]
[Round "5"]
[White "Karpati, Bank"]
[Black "Mile, Kalmanne"]
[Result "1-0"]
[WhiteElo "1850"]
[BlackElo "1726"]
[PlyCount "109"]
[EventDate "2012.09.16"]
[EventType "team-tourn"]
[EventRounds "11"]
[EventCountry "HUN"]
[SourceTitle "EXT 2014"]
[Source "ChessBase"]
[SourceDate "2013.11.20"]
[SourceVersion "1"]
[SourceVersionDate "2013.11.20"]
[SourceQuality "1"]
[WhiteTeam "Hobagoly"]
[BlackTeam "Debrecen"]
[WhiteTeamCountry "HUN"]
[BlackTeamCountry "HUN"]

1. d4 Nf6 2. Nf3 g6 3. c4 Bg7 4. Nc3 d5 5. Bf4 c6 6. e3 0-0 7. Qb3 e6 8. Bd3 dxc4 9. Bxc4 Nd5 10. Bg3 Nd7 11. 0-0 Qb6 12. Qc2 N7f6 13. a3 Nxc3 14. bxc3 Qd8 15. Rab1 Nh5 16. Bh4 Bf6 17. Bxf6 Nxf6 18. Ne5 Kg7 19. Be2 Ne8 20. Bf3 f6 21. Nd3 Qc7 22. Qa4 Bd7 23. Nc5 Nd6 24. Qb3 Rfe8 25. Rb2 b5 26. a4 Nc4 27. Ra2 a6 28. Be2 Na5 29. Qb4 Nb7 30. axb5 axb5 31. Rfa1 Rxa2 32. Rxa2 Nxc5 33. Qxc5 Rb8 34. Qe7+ Kg8 35. Qxf6 b4 36. cxb4 Rxb4 37. Ra8+ Rb8 38. Rxb8+ Qxb8 39. g3 Qb1+ 40. Kg2 Qb8 41. h4 Qc8 42. h5 gxh5 43. Bxh5 Qf8 44. Qg5+ Kh8 45. Bf3 h6 46. Qe5+ Kg8 47. Bg4 Qf7 48. Bh5 Qf8 49. g4 Qa8 50. Bg6 Qf8 51. Kg3 Bc8 52. Be4 Bd7 53. f3 Qc8 54. Qf6 Qf8 55. Bh7+ 1-0

[Event "HUN-chT2 Erkel 1112"]
[Site "Hungary"]
[Date "2012.03.25"]
[Round "8.11"]
[White "Karpati, Bank"]
[Black "Horvath, Attila Bela"]
[Result "0-1"]
[WhiteElo "1779"]
[BlackElo "1817"]
[PlyCount "80"]
[EventDate "2011.09.25"]
[EventType "team-tourn"]
[EventRounds "11"]
[EventCountry "HUN"]
[SourceTitle "EXT 2013"]
[Source "ChessBase"]
[SourceDate "2012.11.22"]
[SourceVersion "1"]
[SourceVersionDate "2012.11.22"]
[SourceQuality "1"]
[WhiteTeam "Foti"]
[BlackTeam "MAFC"]
[WhiteTeamCountry "HUN"]
[BlackTeamCountry "HUN"]

1. d4 d5 2. Nf3 c6 3. c4 Nf6 4. Nc3 e6 5. e3 Bb4 6. Qc2 0-0 7. Bd3 dxc4 8. Bxc4 b5 9. Bd3 Re8 10. 0-0 Bb7 11. Ne4 Nbd7 12. a3 Be7 13. b3 Rc8 14. b4 h6 15. Bb2 a5 16. Nc5 Bxc5 17. dxc5 Nd5 18. Qb3 e5 19. Bf5 a4 20. Qa2 N5f6 21. Rad1 Qc7 22. Rd6 Rcd8 23. Rfd1 Bc8 24. Qa1 Nxc5 25. bxc5 Bxf5 26. Bxe5 Rxd6 27. cxd6 Qd8 28. Qc3 Bd7 29. Qc5 Ne4 30. Qd4 Ng5 31. Nxg5 Qxg5 32. Bf4 Qg6 33. f3 Rc8 34. Qc5 Qe6 35. Qa7 c5 36. e4 b4 37. axb4 cxb4 38. Qa5 b3 39. Rb1 Qc4 40. Kh1 b2 0-1

[Event "HUN-chT2 Erkel 1112"]
[Site "Hungary"]
[Date "2011.11.27"]
[Round "4.11"]
[White "Karpati, Bank"]
[Black "Kovacs, Daniel1"]
[Result "1-0"]
[WhiteElo "1779"]
[BlackElo "1752"]
[PlyCount "93"]
[EventDate "2011.09.25"]
[EventType "team-tourn"]
[EventRounds "11"]
[EventCountry "HUN"]
[SourceTitle "EXT 2013"]
[Source "ChessBase"]
[SourceDate "2012.11.22"]
[SourceVersion "1"]
[SourceVersionDate "2012.11.22"]
[SourceQuality "1"]
[WhiteTeam "Foti"]
[BlackTeam "Paszto"]
[WhiteTeamCountry "HUN"]
[BlackTeamCountry "HUN"]

1. d4 d5 2. Nf3 Bf5 3. c4 e6 4. Nc3 Nf6 5. Bg5 Be7 6. e3 0-0 7. Bxf6 Bxf6 8. cxd5 exd5 9. Qb3 Bc8 10. Qxd5 Qe7 11. Be2 Qb4 12. Qb3 Qxb3 13. axb3 c6 14. 0-0 Re8 15. b4 a6 16. b5 b6 17. bxc6 Nxc6 18. Nd5 Bd8 19. Rfc1 Bb7 20. Nc3 b5 21. Nxb5 axb5 22. Rxa8 Bxa8 23. Bxb5 Nxd4 24. Nxd4 Rf8 25. Rc8 Bf6 26. Rxf8+ Kxf8 27. Kf1 Ke7 28. b3 Kd6 29. g3 Bd5 30. Ba4 Bxd4 31. exd4 Bf3 32. Bb5 Bh5 33. Bc4 f6 34. Ke1 Be8 35. Ke2 Bc6 36. Ke3 Bb7 37. b4 Bc6 38. b5 Bb7 39. Kd3 Kc7 40. Kc3 Kb6 41. Kb4 Bc8 42. Bd5 Bd7 43. Bc6 Bxc6 44. bxc6 Kxc6 45. Kc4 Kd6 46. f4 f5 47. d5 1-0

[Event "HUN-chT U18"]
[Site "Miskolc"]
[Date "2011.11.05"]
[Round "6.3"]
[White "Karpati, Bank"]
[Black "Csorsz, Ferenc Jr"]
[Result "1-0"]
[WhiteElo "1779"]
[BlackElo "1957"]
[PlyCount "49"]
[EventDate "2011.11.02"]
[EventType "team-swiss"]
[EventRounds "8"]
[EventCountry "HUN"]
[SourceTitle "EXT 2012"]
[Source "ChessBase"]
[SourceDate "2011.11.24"]
[SourceVersion "1"]
[SourceVersionDate "2011.11.24"]
[SourceQuality "1"]
[WhiteTeam "Szombathely"]
[BlackTeam "Nyiregyhaza"]
[WhiteTeamCountry "HUN"]
[BlackTeamCountry "HUN"]

1. d4 c5 2. dxc5 e6 3. e4 Bxc5 4. Bd3 Nc6 5. Nf3 Nf6 6. c3 d5 7. exd5 Nxd5 8. 0-0 0-0 9. Qc2 Nf6 10. Rd1 Qe7 11. Bg5 h6 12. Bh4 e5 13. Nbd2 Qe6 14. Re1 Nh5 15. Bc4 Qg4 16. Qe4 Nf4 17. Bg3 Bf5 18. Nxe5 Bxf2+ 19. Kxf2 Nxe5 20. Qxf4 Qxf4+ 21. Bxf4 Ng4+ 22. Kg1 g5 23. Bg3 Rac8 24. Bb3 Rcd8 25. Nf3 1-0

[Event "HUN-chT U18"]
[Site "Miskolc"]
[Date "2011.11.03"]
[Round "3.3"]
[White "Karpati, Bank"]
[Black "Ongai, Erik"]
[Result "1/2-1/2"]
[WhiteElo "1779"]
[BlackElo "1994"]
[PlyCount "62"]
[EventDate "2011.11.02"]
[EventType "team-swiss"]
[EventRounds "8"]
[EventCountry "HUN"]
[SourceTitle "EXT 2012"]
[Source "ChessBase"]
[SourceDate "2011.11.24"]
[SourceVersion "1"]
[SourceVersionDate "2011.11.24"]
[SourceQuality "1"]
[WhiteTeam "Szombathely"]
[BlackTeam "Sarvar"]
[WhiteTeamCountry "HUN"]
[BlackTeamCountry "HUN"]

1. d4 d5 2. Nf3 Nf6 3. c4 c6 4. Bf4 e6 5. e3 Bd6 6. Bxd6 Qxd6 7. Nbd2 0-0 8. Bd3 Nbd7 9. 0-0 e5 10. dxe5 Nxe5 11. Qc2 Bg4 12. Nxe5 Qxe5 13. cxd5 cxd5 14. Nb3 Rac8 15. Qd2 Qg5 16. Rfc1 Bf3 17. Bf1 Ne4 18. Qb4 b6 19. Nd2 Nxd2 20. Qxd2 Be4 21. Rxc8 Rxc8 22. Rc1 Rxc1 23. Qxc1 Qd8 24. Qc3 h6 25. Bd3 g6 26. Bxe4 dxe4 27. g3 Qd5 28. a3 Qd1+ 29. Kg2 Qf3+ 30. Kg1 Qd1+ 31. Kg2 Qf3+ 1/2-1/2

[Event "Lakitelek Magyarok op"]
[Site "Lakitelek"]
[Date "2011.08.09"]
[Round "5"]
[White "Karpati, Bank"]
[Black "Csuri, Szilveszter"]
[Result "1/2-1/2"]
[WhiteElo "1802"]
[BlackElo "2043"]
[PlyCount "67"]
[EventDate "2011.08.06"]
[EventType "swiss"]
[EventRounds "9"]
[EventCountry "HUN"]
[SourceTitle "CBM 144 Extra"]
[Source "ChessBase"]
[SourceDate "2011.10.28"]
[SourceVersion "1"]
[SourceVersionDate "2011.10.28"]
[SourceQuality "1"]

1. d4 Nf6 2. Nf3 e6 3. c4 Bb4+ 4. Bd2 Qe7 5. e3 b6 6. Be2 Bb7 7. Bxb4 Qxb4+ 8. Qd2 Qe7 9. 0-0 0-0 10. Qc2 Ne4 11. Nbd2 f5 12. Nxe4 Bxe4 13. Qc3 g5 14. Nd2 Bb7 15. Bf3 Bxf3 16. Nxf3 d6 17. Rac1 Nd7 18. b4 c5 19. bxc5 bxc5 20. Rfd1 Rac8 21. dxc5 Nxc5 22. Qd4 Rfd8 23. Rc2 h6 24. Ne1 Na4 25. Rdc1 Nc5 26. Nd3 Nxd3 27. Qxd3 Rc5 28. Rd1 d5 29. h3 Rdc8 30. Qa3 Qc7 31. Rb1 Rxc4 32. Rxc4 dxc4 33. Qa6 Qc6 34. Qxa7 1/2-1/2

[Event "HUN-ch U16"]
[Site "Celldoemoelk"]
[Date "2011.07.02"]
[Round "6"]
[White "Egresi, Kristof"]
[Black "Karpati, Bank"]
[Result "1-0"]
[WhiteElo "1684"]
[BlackElo "1819"]
[PlyCount "59"]
[EventDate "2011.06.27"]
[EventType "swiss"]
[EventRounds "7"]
[EventCountry "HUN"]
[SourceTitle "EXT 2012"]
[Source "ChessBase"]
[SourceDate "2011.11.24"]
[SourceVersion "1"]
[SourceVersionDate "2011.11.24"]
[SourceQuality "1"]

1. d4 d5 2. c4 c6 3. e3 Nf6 4. Nc3 Bf5 5. Qb3 Qd7 6. Nf3 e6 7. Bd2 Bd6 8. Be2 0-0 9. 0-0 Bg4 10. Rfe1 Qc7 11. h3 Bh5 12. c5 Be7 13. Ne5 Bxe2 14. Rxe2 Nbd7 15. f4 Nxe5 16. fxe5 Nd7 17. Rf2 f6 18. exf6 Bxf6 19. Raf1 e5 20. dxe5 Nxc5 21. Qa3 Nd3 22. exf6 Nxf2 23. Rxf2 gxf6 24. Qb4 a6 25. Qg4+ Kh8 26. Ne2 Qe7 27. Rf3 Rg8 28. Qh4 Rg6 29. Bc3 Rf8 30. Nf4 1-0

[Event "HUN-chT2 Erkel 1011"]
[Site "Hungary"]
[Date "2011.05.01"]
[Round "10.12"]
[White "Karpati, Bank"]
[Black "Vecsernyes, Norbert"]
[Result "1/2-1/2"]
[WhiteElo "1766"]
[BlackElo "1887"]
[PlyCount "102"]
[EventDate "2010.09.12"]
[EventType "team-tourn"]
[EventRounds "11"]
[EventCountry "HUN"]
[SourceTitle "EXT 2012"]
[Source "ChessBase"]
[SourceDate "2011.11.24"]
[SourceVersion "1"]
[SourceVersionDate "2011.11.24"]
[SourceQuality "1"]
[WhiteTeam "Foti"]
[BlackTeam "Dunaharaszti II"]
[WhiteTeamCountry "HUN"]
[BlackTeamCountry "HUN"]

1. d4 d5 2. c4 c6 3. Nc3 e6 4. e3 Nf6 5. Nf3 Nbd7 6. cxd5 exd5 7. Bd3 Bd6 8. 0-0 0-0 9. Bd2 Re8 10. a3 Nf8 11. b4 Bg4 12. Be2 Rc8 13. Ne1 Bxe2 14. Qxe2 Ne6 15. Nf3 g5 16. Qd3 Qc7 17. Qf5 Kg7 18. Rac1 a6 19. h3 h6 20. Ne5 Qe7 21. Ng4 Nxg4 22. Qxg4 Kg6 23. f4 f5 24. Qf3 Qf6 25. fxg5 hxg5 26. Ne2 Rf8 27. Rce1 Nc7 28. Ng3 Bxg3 29. Qxg3 Nb5 30. Bc1 Nc3 31. Qe5 Qxe5 32. dxe5 Na4 33. g4 Rce8 34. gxf5+ Rxf5 35. Rxf5 Kxf5 36. Rf1+ Kg6 37. Rf6+ Kh5 38. e6 Re7 39. Bd2 g4 40. hxg4+ Kxg4 41. Kf2 Kg5 42. Rf7 Rxe6 43. Rxb7 Kf5 44. Ra7 c5 45. bxc5 Nxc5 46. Rf7+ Ke5 47. Bc3+ Ke4 48. Ke2 Nd3 49. Rh7 Nc1+ 50. Kd2 Nb3+ 51. Kc2 Nc5 1/2-1/2

[Event "HUN-chT2 Erkel 1011"]
[Site "Hungary"]
[Date "2010.09.26"]
[Round "2.12"]
[White "Deak, Balint"]
[Black "Karpati, Bank"]
[Result "0-1"]
[WhiteElo "1857"]
[BlackElo "1766"]
[PlyCount "98"]
[EventDate "2010.09.12"]
[EventType "team-tourn"]
[EventRounds "11"]
[EventCountry "HUN"]
[SourceTitle "EXT 2012"]
[Source "ChessBase"]
[SourceDate "2011.11.24"]
[SourceVersion "1"]
[SourceVersionDate "2011.11.24"]
[SourceQuality "1"]
[WhiteTeam "Honved"]
[BlackTeam "Foti"]
[WhiteTeamCountry "HUN"]
[BlackTeamCountry "HUN"]

1. d4 d5 2. c4 e6 3. Nc3 Nf6 4. Nf3 c6 5. Bf4 Bd6 6. e3 0-0 7. Ne5 dxc4 8. Bxc4 Qe7 9. 0-0 Nbd7 10. Qc2 Bxe5 11. Bxe5 Nxe5 12. dxe5 Nd5 13. Qe4 b6 14. Bd3 g6 15. Rac1 Bb7 16. Qa4 Nxc3 17. Rxc3 c5 18. f4 Rfd8 19. Rfc1 Qd7 20. Qxd7 Rxd7 21. Be2 Rad8 22. Bf3 Bxf3 23. gxf3 Rd1+ 24. Rxd1 Rxd1+ 25. Kf2 Rd2+ 26. Kg3 Rxb2 27. Ra3 a5 28. e4 c4 29. h4 h5 30. f5 gxf5 31. exf5 Rb5 32. Kf4 Rc5 33. Rc3 b5 34. f6 b4 35. Rc1 a4 36. Rg1+ Kf8 37. Rb1 b3 38. axb3 cxb3 39. Ke4 Rb5 40. Kd3 a3 41. Kc3 a2 42. Rd1 Ke8 43. Kb2 Rxe5 44. Rf1 Rb5 45. Rd1 Rd5 46. Rf1 Rd3 47. f4 Kd7 48. Rg1 Kd6 49. Rg8 Rd2+ 0-1

[Event "Budapest FS06 FM-B"]
[Site "Budapest"]
[Date "2010.06.11"]
[Round "7"]
[White "Karpati, Bank"]
[Black "Mihajlova, Diana"]
[Result "1-0"]
[WhiteElo "1674"]
[BlackElo "1467"]
[PlyCount "47"]
[EventDate "2010.06.05"]
[EventType "tourn"]
[EventRounds "11"]
[EventCountry "HUN"]
[SourceTitle "CBM 136 Extra"]
[Source "ChessBase"]
[SourceDate "2010.07.02"]
[SourceVersion "2"]
[SourceVersionDate "2010.07.15"]
[SourceQuality "1"]

1. d4 Nf6 2. c4 e5 3. dxe5 Ne4 4. Nf3 Bb4+ 5. Bd2 Qe7 6. Qc2 Nxd2 7. Nbxd2 Nc6 8. e3 Nxe5 9. Be2 Nxf3+ 10. Bxf3 d6 11. 0-0 c5 12. Rfd1 0-0 13. Qe4 Qc7 14. a3 Rd8 15. axb4 d5 16. cxd5 f5 17. Qc4 Qe5 18. Qc3 Qe7 19. bxc5 Bd7 20. d6 Qe8 21. Bxb7 Rab8 22. Rxa7 Be6 23. Bd5 Bxd5 24. Qxg7# 1-0

[Event "Budapest FS06 FM-B"]
[Site "Budapest"]
[Date "2010.06.09"]
[Round "5"]
[White "Karpati, Bank"]
[Black "Marosvolgyi, Tibor"]
[Result "1-0"]
[WhiteElo "1674"]
[BlackElo "1628"]
[PlyCount "81"]
[EventDate "2010.06.05"]
[EventType "tourn"]
[EventRounds "11"]
[EventCountry "HUN"]
[SourceTitle "CBM 136 Extra"]
[Source "ChessBase"]
[SourceDate "2010.07.02"]
[SourceVersion "2"]
[SourceVersionDate "2010.07.15"]
[SourceQuality "1"]

1. d4 d5 2. c4 dxc4 3. Nc3 Nf6 4. e3 Bf5 5. Bxc4 e6 6. Nf3 Be7 7. 0-0 0-0 8. Qb3 b6 9. Bd2 c5 10. dxc5 Bxc5 11. Na4 Be7 12. Rfd1 Nc6 13. a3 Qc7 14. Rac1 Qb7 15. Bb5 Be4 16. Be2 Rac8 17. Nc3 Qb8 18. Nxe4 Nxe4 19. Be1 Nc5 20. Qa2 Rfd8 21. b4 Rxd1 22. Rxd1 Ne4 23. Qc2 Nd6 24. Qd3 Rd8 25. Rc1 Nf5 26. Qe4 Nd6 27. Qc2 Rc8 28. Qa4 Nd8 29. Rxc8 Qxc8 30. Qxa7 Qb7 31. Qxb7 N6xb7 32. Bc3 Nd6 33. Bd4 b5 34. Bc5 N8b7 35. Bxd6 Nxd6 36. Nd4 Nc4 37. Bxc4 bxc4 38. Kf1 Kf8 39. Ke2 c3 40. Kd3 e5 41. Ne2 1-0

[Event "Budapest FS06 FM-B"]
[Site "Budapest"]
[Date "2010.06.08"]
[Round "4"]
[White "Benyeda, Tibor"]
[Black "Karpati, Bank"]
[Result "0-1"]
[WhiteElo "1670"]
[BlackElo "1674"]
[PlyCount "89"]
[EventDate "2010.06.05"]
[EventType "tourn"]
[EventRounds "11"]
[EventCountry "HUN"]
[SourceTitle "CBM 136 Extra"]
[Source "ChessBase"]
[SourceDate "2010.07.02"]
[SourceVersion "2"]
[SourceVersionDate "2010.07.15"]
[SourceQuality "1"]

1. d4 d5 2. c4 c6 3. cxd5 cxd5 4. Nc3 Nf6 5. Nf3 Bf5 6. Qb3 Bc8 7. Bg5 e6 8. e3 Be7 9. Rc1 Nc6 10. a3 0-0 11. Bd3 Qb6 12. Qc2 h6 13. Bf4 Bd7 14. 0-0 Rac8 15. Qe2 Rfd8 16. Bg3 Na5 17. Bb5 Bxb5 18. Nxb5 a6 19. Bc7 Rxc7 20. Nxc7 Bd6 21. Nxa6 bxa6 22. Qc2 Nc4 23. b4 Nxa3 24. Qc6 Qxb4 25. Qxa6 Nc4 26. Rb1 Qc3 27. Rfc1 Qd3 28. Rd1 Qf5 29. Rb7 Qc2 30. Rbb1 Ne4 31. Rf1 Ba3 32. Ra1 Bb2 33. Ra2 Nc3 34. Qa7 Nxa2 35. Qxa2 Qc3 36. Rb1 Qa3 37. Qxa3 Bxa3 38. h3 Bd6 39. Kf1 Rb8 40. Rc1 Rb2 41. Ne1 Ba3 42. Ra1 Nd2+ 43. Kg1 Rb1 44. Rxa3 Rxe1+ 45. Kh2 0-1

[Event "HUN-chT2 Erkel 0910"]
[Site "Hungary"]
[Date "2010.05.02"]
[Round "11.12"]
[White "Karpati, Bank"]
[Black "Pasztor, Attila"]
[Result "1/2-1/2"]
[WhiteElo "1688"]
[BlackElo "1912"]
[PlyCount "66"]
[EventDate "2009.11.08"]
[EventType "team-tourn"]
[EventRounds "11"]
[EventCountry "HUN"]
[SourceTitle "EXT 2011"]
[Source "ChessBase"]
[SourceDate "2010.11.26"]
[SourceVersion "1"]
[SourceVersionDate "2010.11.26"]
[SourceQuality "1"]
[WhiteTeam "Foti"]
[BlackTeam "Ujszasz"]
[WhiteTeamCountry "HUN"]
[BlackTeamCountry "HUN"]

1. d4 Nf6 2. Nf3 d5 3. Bf4 Bf5 4. e3 e6 5. Bd3 Bxd3 6. Qxd3 Bd6 7. Bg3 Nbd7 8. Nbd2 Bxg3 9. hxg3 h6 10. c4 c6 11. cxd5 cxd5 12. Rc1 Rc8 13. 0-0 0-0 14. Rc3 Rxc3 15. Qxc3 Qc8 16. Rc1 Nb6 17. Ne5 Qxc3 18. Rxc3 Rc8 19. Rxc8+ Nxc8 20. Kf1 Kf8 21. Ke1 Ke7 22. Nb3 Nd7 23. Nxd7 Kxd7 24. Nc5+ Kc6 25. Kd2 b6 26. Nd3 Nd6 27. Ne5+ Kc7 28. Nf3 Nc4+ 29. Kc3 Nd6 30. Nd2 Kc6 31. b3 Ne8 32. Kd3 Nd6 33. Kc3 Ne8 1/2-1/2